000 00678nam a2200241Ia 4500
003 OSt
005 20221007064755.0
006 a|||||r|||| 00| 0
007 ta
008 221006b |||||||| |||| 00| 0 eng d
024 _a22,376
037 _cTextual
040 _aFLL
_cFLL
_beng
041 _2eng
_aeng
082 _aZ2:9595qN63:9, L0.2;1
100 _aAggarawala Om Prakash
245 0 _aLaw of specific relief in India
250 _a6th
260 _aDelhi
_bMetropolitan Book Co. P. Ltd. India
_c1970
300 _alix,1257,cxxxii
_ccm.
942 _hZ2:9595qN63:9, L0.2;1
_cTEXL
_2CC
999 _c1135307
_d1135307